Rzeczy nazwane na cześć ludzi #1 - Statystyki

Ogólne statystyki
  • Ten quiz został rozwiązany 85 razy
  • Średni wynik to 11 z 19
Statystyki odpowiedzi
Eponim % Poprawnych
{Kostka} Rubika
99%
{Wieża} Eiffla
99%
{Nagroda} Nobla
97%
{Puszka} Pandory
93%
{Pięta} Achillesa
91%
{Herbata} Earl Grey
89%
{Jabłko} Adama
88%
{Koktajl} Mołotowa
88%
{Kod} Morse'a
74%
{Linia} Maginota
58%
Pyrrusowe {zwycięstwo}
53%
{Jajo} Fabergé
50%
{Ścięgno} Achillesa
50%
{Kompleks} Edypa
42%
{Wał} Hadriana
39%
{Brzytwa} Ockhama
17%
{Wioska} potiomkinowska
8%
{Metoda} sokratyczna
7%
{Paradoksy} Zenona z Elei
3%
Nie znaleziono quizów pasujących do podanych kryteriów
Rozkład punktacji
Procent ludzi z każdym wynikiem
Percentyl według liczby udzielonych odpowiedzi
Twoja historia wyników
Nie rozwiązałeś tego quizu